[Event "U14 Polish Youth Championship"]
[Site "chess24.com"]
[Date "2018.05.05"]
[Round "9"]
[White "Szydlo, Michal"]
[Black "Koziorowicz, Michal"]
[Result "0-1"]
[Board "17"]
[WhiteElo "1673"]
[WhiteCountry "POL"]
[WhiteFideId "21810540"]
[WhiteEloChange "-5"]
[BlackElo "1860"]
[BlackCountry "POL"]
[BlackFideId "21809194"]
[BlackEloChange "5"]

1. e4 {[%clk 1:30:59]} c5 {[%clk 1:30:56]} 2. Nf3 {[%clk 1:31:26]} d6 {[%clk
1:31:20]} 3. d4 {[%clk 1:31:54]} cxd4 {[%clk 1:31:44]} 4. Nxd4 {[%clk 1:32:22]}
Nf6 {[%clk 1:32:07]} 5. Nc3 {[%clk 1:32:48]} g6 {[%clk 1:32:33]} 6. Be3 {[%clk
1:33:15]} Bg7 {[%clk 1:32:56]} 7. f3 {[%clk 1:33:42]} O-O {[%clk 1:33:18]} 8. Qd2
{[%clk 1:34:09]} Nc6 {[%clk 1:33:39]} 9. Bc4 {[%clk 1:34:36]} Bd7 {[%clk
1:34:04]} 10. O-O-O {[%clk 1:35:01]} Rc8 {[%clk 1:34:29]} 11. Bb3 {[%clk
1:35:21]} Ne5 {[%clk 1:34:58]} 12. Kb1 {[%clk 1:35:46]} a6 {[%clk 1:35:21]} 13.
h4 {[%clk 1:35:50]} h5 {[%clk 1:35:46]} 14. Bh6 {[%clk 1:36:05]} Nc4 {[%clk
1:36:15]} 15. Qc1 {[%clk 1:36:30]} Qa5 {[%clk 1:20:21]} 16. Bxc4 {[%clk 1:29:58]}
Rxc4 {[%clk 1:20:49]} 17. Nb3 {[%clk 1:30:11]} Qc7 {[%clk 1:18:00]} 18. g4 {[%clk
1:22:05]} Rxc3 {[%clk 1:01:36]} 19. bxc3 {[%clk 1:20:49]} hxg4 {[%clk 0:58:50]}
20. h5 {[%clk 1:18:50]} gxf3 {[%clk 0:56:41]} 21. Bxg7 {[%clk 1:16:25]} Kxg7
{[%clk 0:57:08]} 22. hxg6 {[%clk 1:16:36]} fxg6 {[%clk 0:57:36]} 23. Qh6+ {[%clk
1:07:27]} Kf7 {[%clk 0:57:55]} 24. Rhg1 {[%clk 1:06:06]} Rg8 {[%clk 0:54:32]} 25.
Qe3 {[%clk 1:03:17]} Bg4 {[%clk 0:48:39]} 26. Rd3 {[%clk 0:53:05]} Rh8 {[%clk
0:31:53]} 27. Nd2 {[%clk 0:51:00]} Rh3 {[%clk 0:29:41]} 28. Qf2 {[%clk 0:35:41]}
Qc6 {[%clk 0:23:48]} 29. Re3 {[%clk 0:33:08]} Qb6+ {[%clk 0:22:20]} 30. Ka1
{[%clk 0:33:15]} Rh2 {[%clk 0:22:12]} 31. Nc4 {[%clk 0:23:47]} Rxf2 {[%clk
0:20:11]} 32. Nxb6 {[%clk 0:24:12]} Rxc2 {[%clk 0:19:46]} 33. e5 {[%clk 0:20:22]}
dxe5 {[%clk 0:19:40]} 34. Nc4 {[%clk 0:20:04]} f2 {[%clk 0:15:42]} 35. Nxe5+
{[%clk 0:19:27]} Kg7 {[%clk 0:15:54]} 36. Rf1 {[%clk 0:19:28]} Bh5 {[%clk
0:15:26]} 37. c4 {[%clk 0:15:24]} Ng4 {[%clk 0:11:54]} 38. Nxg4 {[%clk 0:14:39]}
Bxg4 {[%clk 0:12:22]} 39. Rxe7+ {[%clk 0:14:08]} Kf6 {[%clk 0:12:52]} 40. Rh7
{[%clk 0:14:29]} Re2 {[%clk 0:12:48]} 41. Rxb7 {[%clk 0:10:54]} Bf5 {[%clk
0:11:11]} 0-1

[Event "U14 Polish Youth Championship"]
[Site "chess24.com"]
[Date "2018.05.05"]
[Round "9"]
[White "Majdanski, Maksymilian"]
[Black "Trybus, Daniel"]
[Result "0-1"]
[Board "18"]
[WhiteElo "1626"]
[WhiteCountry "POL"]
[WhiteFideId "21820570"]
[WhiteEloChange "-5"]
[BlackElo "1831"]
[BlackCountry "POL"]
[BlackFideId "21816131"]
[BlackEloChange "5"]

1. d4 {[%clk 1:30:57]} Nf6 {[%clk 1:30:50]} 2. c4 {[%clk 1:31:23]} g6 {[%clk
1:31:14]} 3. Nc3 {[%clk 1:31:50]} Bg7 {[%clk 1:31:42]} 4. Nf3 {[%clk 1:32:10]}
O-O {[%clk 1:32:04]} 5. g3 {[%clk 1:32:28]} d6 {[%clk 1:32:29]} 6. Bg2 {[%clk
1:32:36]} Nc6 {[%clk 1:32:48]} 7. O-O {[%clk 1:32:37]} e5 {[%clk 1:33:14]} 8. d5
{[%clk 1:32:40]} Ne7 {[%clk 1:33:38]} 9. e4 {[%clk 1:32:32]} h6 {[%clk 1:33:53]}
10. Ne1 {[%clk 1:29:10]} Nd7 {[%clk 1:33:40]} 11. Nd3 {[%clk 1:27:56]} f5 {[%clk
1:33:00]} 12. f4 {[%clk 1:15:07]} a5 {[%clk 1:12:30]} 13. fxe5 {[%clk 0:59:53]}
Nxe5 {[%clk 1:12:35]} 14. Nxe5 {[%clk 1:00:04]} dxe5 {[%clk 1:12:52]} 15. Be3
{[%clk 0:57:30]} Ra6 {[%clk 1:08:23]} 16. Qb3 {[%clk 0:45:36]} Raf6 {[%clk
1:05:37]} 17. c5 {[%clk 0:43:56]} Kh7 {[%clk 1:05:39]} 18. Rfd1 {[%clk 0:35:40]}
f4 {[%clk 1:00:16]} 19. gxf4 {[%clk 0:34:38]} exf4 {[%clk 1:00:33]} 20. Bd4
{[%clk 0:34:43]} f3 {[%clk 1:00:35]} 21. Bxf6 {[%clk 0:32:48]} Rxf6 {[%clk
1:01:00]} 22. d6 {[%clk 0:25:18]} cxd6 {[%clk 0:56:11]} 23. Rxd6 {[%clk 0:21:18]}
Qc7 {[%clk 0:56:05]} 24. Rxf6 {[%clk 0:18:49]} Qxc5+ {[%clk 0:55:37]} 25. Kh1
{[%clk 0:17:51]} fxg2+ {[%clk 0:54:16]} 26. Kxg2 {[%clk 0:18:15]} Qg5+ {[%clk
0:54:31]} 27. Kh1 {[%clk 0:17:45]} Qxf6 {[%clk 0:54:26]} 28. Nd5 {[%clk 0:13:43]}
Nxd5 {[%clk 0:53:58]} 29. exd5 {[%clk 0:14:05]} Bg4 {[%clk 0:53:23]} 30. Qd3
{[%clk 0:11:34]} Bf3+ {[%clk 0:52:54]} 31. Kg1 {[%clk 0:11:55]} Qxb2 {[%clk
0:53:05]} 32. Qxf3 {[%clk 0:11:54]} Qxa1+ {[%clk 0:53:28]} 33. Kg2 {[%clk
0:12:05]} Qb2+ {[%clk 0:53:37]} 34. Kh3 {[%clk 0:12:18]} Qc3 {[%clk 0:53:59]} 35.
Qxc3 {[%clk 0:12:25]} Bxc3 {[%clk 0:54:25]} 36. d6 {[%clk 0:12:46]} Bf6 {[%clk
0:54:54]} 0-1

[Event "U14 Polish Youth Championship"]
[Site "chess24.com"]
[Date "2018.05.05"]
[Round "9"]
[White "Haliniak, Wojciech"]
[Black "Kacprzak, Karol"]
[Result "0-1"]
[Board "19"]
[WhiteElo "1614"]
[WhiteCountry "POL"]
[WhiteFideId "21838461"]
[WhiteEloChange "-5"]
[BlackElo "1794"]
[BlackCountry "POL"]
[BlackFideId "21819327"]
[BlackEloChange "5"]

1. e4 {[%clk 1:30:57]} c5 {[%clk 1:30:52]} 2. Nc3 {[%clk 1:31:21]} d6 {[%clk
1:30:49]} 3. f4 {[%clk 1:31:34]} Nf6 {[%clk 1:29:52]} 4. Nf3 {[%clk 1:31:27]} g6
{[%clk 1:28:34]} 5. Bc4 {[%clk 1:28:59]} e6 {[%clk 1:27:30]} 6. e5 {[%clk
1:26:46]} Nfd7 {[%clk 1:21:29]} 7. exd6 {[%clk 1:24:15]} Bxd6 {[%clk 1:21:49]} 8.
d3 {[%clk 1:24:12]} O-O {[%clk 1:20:41]} 9. O-O {[%clk 1:22:56]} a6 {[%clk
1:20:13]} 10. a4 {[%clk 1:18:27]} Nc6 {[%clk 1:18:26]} 11. Qe1 {[%clk 1:15:18]}
Nf6 {[%clk 1:14:18]} 12. f5 {[%clk 1:09:01]} exf5 {[%clk 1:12:25]} 13. Qh4 {[%clk
1:04:20]} Nd4 {[%clk 0:55:22]} 14. Bg5 {[%clk 0:53:15]} Be7 {[%clk 0:54:04]} 15.
Rae1 {[%clk 0:47:50]} Ne6 {[%clk 0:53:16]} 16. Kh1 {[%clk 0:36:04]} Bd7 {[%clk
0:43:54]} 17. Ne5 {[%clk 0:31:47]} Nxg5 {[%clk 0:41:17]} 18. Qxg5 {[%clk
0:32:02]} Ng4 {[%clk 0:41:28]} 19. Qf4 {[%clk 0:29:44]} Bg5 {[%clk 0:30:12]} 20.
Nxf7 {[%clk 0:25:24]} Rxf7 {[%clk 0:30:30]} 21. Bxf7+ {[%clk 0:25:51]} Kxf7
{[%clk 0:30:49]} 22. Qxg4 {[%clk 0:25:53]} Be6 {[%clk 0:29:44]} 23. Qf3 {[%clk
0:24:09]} Qd7 {[%clk 0:29:45]} 24. Re2 {[%clk 0:19:16]} Re8 {[%clk 0:29:39]} 25.
Rfe1 {[%clk 0:17:33]} Bh4 {[%clk 0:28:59]} 26. g3 {[%clk 0:17:17]} Bf6 {[%clk
0:29:21]} 27. Kg1 {[%clk 0:16:28]} h5 {[%clk 0:27:46]} 28. h4 {[%clk 0:12:44]}
Kg7 {[%clk 0:24:53]} 29. Kh2 {[%clk 0:10:18]} b6 {[%clk 0:23:52]} 30. Qf4 {[%clk
0:09:15]} Kf7 {[%clk 0:22:15]} 31. Qh6 {[%clk 0:05:56]} Qd6 {[%clk 0:21:42]} 32.
Qf4 {[%clk 0:05:09]} Qxf4 {[%clk 0:20:47]} 33. gxf4 {[%clk 0:05:36]} Bxh4 {[%clk
0:21:11]} 34. Nd5 {[%clk 0:04:27]} Bxe1 {[%clk 0:20:44]} 35. Nc7 {[%clk 0:04:20]}
Re7 {[%clk 0:21:01]} 36. Nxa6 {[%clk 0:04:28]} Bd7 {[%clk 0:20:20]} 37. Rxe7+
{[%clk 0:04:16]} Kxe7 {[%clk 0:20:44]} 38. b3 {[%clk 0:04:35]} Bc8 {[%clk
0:20:48]} 39. Nc7 {[%clk 0:04:54]} Bb7 {[%clk 0:21:03]} 40. Nb5 {[%clk 0:04:40]}
Bf3 {[%clk 0:21:10]} 41. d4 {[%clk 0:04:35]} cxd4 {[%clk 0:20:53]} 42. Nxd4
{[%clk 0:05:08]} Be4 {[%clk 0:21:05]} 43. c4 {[%clk 0:05:17]} Bf2 {[%clk
0:21:09]} 44. Ne2 {[%clk 0:04:50]} Bc2 {[%clk 0:21:20]} 45. Kg2 {[%clk 0:04:40]}
Bc5 {[%clk 0:21:27]} 0-1

[Event "U14 Polish Youth Championship"]
[Site "chess24.com"]
[Date "2018.05.05"]
[Round "9"]
[White "Kietrys, Maciej"]
[Black "Czarnomski, Dominik"]
[Result "1-0"]
[Board "20"]
[WhiteElo "1699"]
[WhiteCountry "POL"]
[WhiteFideId "21820732"]
[WhiteEloChange "6"]
[BlackElo "1554"]
[BlackCountry "POL"]
[BlackFideId "21836086"]
[BlackEloChange "-6"]

1. e4 {[%clk 1:30:57]} c5 {[%clk 1:30:59]} 2. Nc3 {[%clk 1:30:31]} Nc6 {[%clk
1:31:24]} 3. g3 {[%clk 1:30:18]} g6 {[%clk 1:31:48]} 4. Bg2 {[%clk 1:30:41]} Bg7
{[%clk 1:32:13]} 5. d3 {[%clk 1:30:07]} d6 {[%clk 1:32:32]} 6. Nge2 {[%clk
1:24:00]} Rb8 {[%clk 1:30:57]} 7. Be3 {[%clk 1:22:16]} Nd4 {[%clk 1:30:06]} 8. h3
{[%clk 1:16:22]} b5 {[%clk 1:27:48]} 9. Qd2 {[%clk 1:15:55]} b4 {[%clk 1:22:56]}
10. Nd1 {[%clk 1:15:14]} Nxe2 {[%clk 1:21:59]} 11. Qxe2 {[%clk 1:15:10]} Nf6
{[%clk 1:14:26]} 12. O-O {[%clk 1:14:56]} O-O {[%clk 1:12:07]} 13. f4 {[%clk
1:08:31]} Bb7 {[%clk 1:07:07]} 14. Bf3 {[%clk 1:04:11]} Nd7 {[%clk 0:57:45]} 15.
Kh2 {[%clk 0:58:51]} Qa5 {[%clk 0:48:56]} 16. g4 {[%clk 0:50:28]} Rfc8 {[%clk
0:46:26]} 17. Qf2 {[%clk 0:43:51]} Ba6 {[%clk 0:38:12]} 18. Rg1 {[%clk 0:26:22]}
Rb7 {[%clk 0:19:56]} 19. Qh4 {[%clk 0:23:07]} c4 {[%clk 0:14:48]} 20. d4 {[%clk
0:18:05]} b3 {[%clk 0:13:51]} 21. cxb3 {[%clk 0:14:09]} cxb3 {[%clk 0:13:24]} 22.
a3 {[%clk 0:13:12]} Rc2+ {[%clk 0:11:10]} 23. Rg2 {[%clk 0:12:43]} Rbc7 {[%clk
0:09:01]} 24. Nc3 {[%clk 0:08:16]} Rxg2+ {[%clk 0:07:14]} 25. Bxg2 {[%clk
0:07:41]} Rxc3 {[%clk 0:03:01]} 26. Qe1 {[%clk 0:05:23]} Nb6 {[%clk 0:00:39]} 27.
bxc3 {[%clk 0:02:34]} Na4 {[%clk 0:00:47]} 28. Rb1 b2 {[%clk 0:00:47]} 29. Qd2
{[%clk 0:02:27]} Qb6 {[%clk 0:00:48]} 30. Bf3 {[%clk 0:02:12]} Qb3 {[%clk
0:00:33]} 31. Bd1 {[%clk 0:01:15]} Qxc3 {[%clk 0:00:40]} 32. Bxa4 {[%clk
0:00:46]} Qxd2+ {[%clk 0:00:46]} 33. Bxd2 {[%clk 0:01:12]} Bxd4 {[%clk 0:01:14]}
34. Bc2 {[%clk 0:01:12]} Bc4 {[%clk 0:01:38]} 35. Rd1 {[%clk 0:01:34]} Ba2 {[%clk
0:01:08]} 36. Bb1 {[%clk 0:01:44]} Bb3 {[%clk 0:01:12]} 37. Re1 {[%clk 0:01:37]}
e5 {[%clk 0:01:19]} 38. Kg2 {[%clk 0:01:29]} Kf8 {[%clk 0:01:32]} 39. Kf3 {[%clk
0:01:33]} Bc4 {[%clk 0:01:51]} 40. fxe5 {[%clk 0:01:30]} dxe5 {[%clk 0:02:08]}
41. Be3 {[%clk 0:01:20]} Bc3 {[%clk 0:02:27]} 42. Rd1 {[%clk 0:01:23]} Ke7 {[%clk
0:02:32]} 43. Bxa7 {[%clk 0:01:30]} Bb3 {[%clk 0:02:35]} 44. Bc5+ {[%clk
0:01:40]} Ke8 {[%clk 0:03:04]} 45. Rd3 {[%clk 0:01:36]} 1-0

[Event "U14 Polish Youth Championship"]
[Site "chess24.com"]
[Date "2018.05.05"]
[Round "9"]
[White "Ochedzan, Tymon"]
[Black "Jozefczyk, Szymon"]
[Result "1-0"]
[Board "21"]
[WhiteElo "2047"]
[WhiteTitle "CM"]
[WhiteCountry "POL"]
[WhiteFideId "21810389"]
[WhiteEloChange "2"]
[BlackElo "1562"]
[BlackCountry "POL"]
[BlackFideId "21837171"]
[BlackEloChange "-2"]

1. e4 {[%clk 1:30:58]} c5 {[%clk 1:30:52]} 2. Nf3 {[%clk 1:31:22]} d6 {[%clk
1:31:10]} 3. d4 {[%clk 1:31:48]} cxd4 {[%clk 1:31:15]} 4. Nxd4 {[%clk 1:32:13]}
Nf6 {[%clk 1:31:22]} 5. Nc3 {[%clk 1:32:38]} a6 {[%clk 1:31:29]} 6. Bg5 {[%clk
1:32:51]} e6 {[%clk 1:31:13]} 7. f4 {[%clk 1:32:30]} h6 {[%clk 1:30:50]} 8. Bh4
{[%clk 1:32:06]} Be7 {[%clk 1:30:27]} 9. Qf3 {[%clk 1:31:10]} Qc7 {[%clk
1:29:25]} 10. O-O-O {[%clk 1:30:53]} Nbd7 {[%clk 1:28:42]} 11. Be2 {[%clk
1:28:40]} Rg8 {[%clk 1:21:25]} 12. Bf2 {[%clk 1:17:24]} g5 {[%clk 1:17:53]} 13.
g3 {[%clk 1:13:59]} b5 {[%clk 1:15:09]} 14. Bd3 {[%clk 1:06:49]} Bb7 {[%clk
1:09:45]} 15. a3 {[%clk 1:03:19]} Rc8 {[%clk 1:04:45]} 16. Rhe1 {[%clk 1:02:35]}
Nb6 {[%clk 0:56:45]} 17. Qe2 {[%clk 0:54:12]} Nc4 {[%clk 0:47:05]} 18. e5 {[%clk
0:50:15]} dxe5 {[%clk 0:43:34]} 19. fxe5 {[%clk 0:50:11]} Nd5 {[%clk 0:42:57]}
20. Ndxb5 {[%clk 0:44:34]} axb5 {[%clk 0:30:56]} 21. Nxb5 {[%clk 0:44:40]} Qc6
{[%clk 0:30:36]} 22. Na7 {[%clk 0:39:05]} Bxa3 {[%clk 0:19:21]} 23. Bxc4 {[%clk
0:33:13]} Bxb2+ {[%clk 0:17:57]} 24. Kxb2 {[%clk 0:32:42]} Qxc4 {[%clk 0:18:14]}
25. Qxc4 {[%clk 0:31:19]} Rxc4 {[%clk 0:18:37]} 26. Rd4 {[%clk 0:30:25]} Rxd4
{[%clk 0:14:55]} 27. Bxd4 {[%clk 0:30:48]} Nb4 {[%clk 0:13:07]} 28. Bc5 {[%clk
0:28:36]} Nc6 {[%clk 0:12:46]} 29. Nb5 {[%clk 0:28:17]} Kd7 {[%clk 0:10:50]} 30.
Rd1+ {[%clk 0:25:05]} Kc8 {[%clk 0:10:59]} 31. Nd6+ {[%clk 0:25:23]} Kc7 {[%clk
0:11:10]} 32. Nxf7 {[%clk 0:25:20]} h5 {[%clk 0:09:51]} 33. Bd6+ {[%clk 0:24:05]}
Kb6 {[%clk 0:09:39]} 34. Kc3 {[%clk 0:23:10]} Rg7 {[%clk 0:09:30]} 35. Rf1 {[%clk
0:22:16]} Na7 {[%clk 0:08:17]} 36. Rf6 {[%clk 0:19:58]} Nb5+ {[%clk 0:07:37]} 37.
Kd3 {[%clk 0:18:31]} Nxd6 {[%clk 0:06:31]} 38. Nxd6 {[%clk 0:18:19]} Ba6+ {[%clk
0:06:20]} 39. Kd4 {[%clk 0:18:10]} Re7 {[%clk 0:06:05]} 40. Rg6 {[%clk 0:18:13]}
g4 {[%clk 0:05:41]} 41. Rh6 {[%clk 0:18:34]} Kc6 {[%clk 0:05:49]} 42. Rxh5 {[%clk
0:18:26]} Be2 {[%clk 0:06:00]} 43. Rh6 {[%clk 0:18:15]} Bf3 {[%clk 0:06:13]} 44.
c4 {[%clk 0:18:33]} Be2 {[%clk 0:06:23]} 45. Rf6 {[%clk 0:15:03]} Bf3 {[%clk
0:06:01]} 46. Rf7 {[%clk 0:14:38]} Rxf7 {[%clk 0:05:50]} 47. Nxf7 {[%clk
0:15:03]} Kd7 {[%clk 0:06:13]} 48. Kc5 {[%clk 0:14:55]} Be2 {[%clk 0:06:05]} 49.
Nd6 {[%clk 0:14:26]} Bf3 {[%clk 0:06:11]} 50. Kb6 {[%clk 0:14:45]} Bg2 {[%clk
0:05:58]} 51. c5 {[%clk 0:14:44]} Bd5 {[%clk 0:05:40]} 52. Nb5 {[%clk 0:14:57]}
Bg2 {[%clk 0:05:17]} 53. Na7 {[%clk 0:15:19]} 1-0

[Event "U14 Polish Youth Championship"]
[Site "chess24.com"]
[Date "2018.05.05"]
[Round "9"]
[White "Kalkowski, Igor"]
[Black "Czarniecki, Pawel"]
[Result "0-1"]
[Board "22"]
[WhiteElo "1720"]
[WhiteCountry "POL"]
[WhiteFideId "21833966"]
[WhiteEloChange "-17"]
[BlackElo "1412"]
[BlackCountry "POL"]
[BlackFideId "21810109"]
[BlackEloChange "17"]

1. e4 {[%clk 1:30:53]} c5 {[%clk 1:30:56]} 2. Nf3 {[%clk 1:31:06]} e6 {[%clk
1:31:19]} 3. d4 {[%clk 1:31:17]} cxd4 {[%clk 1:31:44]} 4. Nxd4 {[%clk 1:31:40]}
a6 {[%clk 1:32:11]} 5. Nc3 {[%clk 1:31:54]} Qc7 {[%clk 1:32:35]} 6. g3 {[%clk
1:31:56]} b5 {[%clk 1:28:48]} 7. Bg2 {[%clk 1:31:32]} Bb7 {[%clk 1:29:09]} 8. O-O
{[%clk 1:31:12]} d6 {[%clk 1:25:45]} 9. Re1 {[%clk 1:25:56]} Be7 {[%clk 1:18:40]}
10. Nd5 {[%clk 1:20:29]} exd5 {[%clk 1:14:11]} 11. exd5 {[%clk 1:18:07]} g6
{[%clk 1:13:09]} 12. Bg5 {[%clk 1:14:08]} h6 {[%clk 1:09:27]} 13. Bxe7 {[%clk
1:11:08]} Nxe7 {[%clk 1:09:48]} 14. Qe2 {[%clk 0:59:43]} Ra7 {[%clk 1:07:57]} 15.
a4 {[%clk 0:54:22]} b4 {[%clk 1:05:25]} 16. Qe3 {[%clk 0:37:12]} Bc8 {[%clk
0:57:58]} 17. Re2 {[%clk 0:31:17]} Qc5 {[%clk 0:45:44]} 18. Qf4 {[%clk 0:24:41]}
O-O {[%clk 0:42:13]} 19. Nb3 {[%clk 0:24:11]} Qb6 {[%clk 0:37:50]} 20. Qxh6
{[%clk 0:23:00]} Nf5 {[%clk 0:36:15]} 21. Qg5 {[%clk 0:22:25]} Nd7 {[%clk
0:35:02]} 22. g4 {[%clk 0:13:48]} Ng7 {[%clk 0:32:22]} 23. h3 {[%clk 0:12:34]}
Ne5 {[%clk 0:31:46]} 24. Kh1 {[%clk 0:11:52]} Bd7 {[%clk 0:28:16]} 25. Qf6 {[%clk
0:11:31]} Nc4 {[%clk 0:25:31]} 26. a5 {[%clk 0:11:07]} Qd8 {[%clk 0:24:25]} 27.
Qd4 {[%clk 0:10:09]} Rc7 {[%clk 0:24:23]} 28. Rae1 {[%clk 0:09:19]} Bb5 {[%clk
0:23:08]} 29. Re4 {[%clk 0:09:23]} Re8 {[%clk 0:21:04]} 30. Rxe8+ {[%clk
0:09:22]} Nxe8 {[%clk 0:21:27]} 31. Qe4 {[%clk 0:09:03]} Nf6 {[%clk 0:19:43]} 32.
Qd4 {[%clk 0:08:16]} Re7 {[%clk 0:19:17]} 33. Rg1 {[%clk 0:07:44]} Re2 {[%clk
0:18:26]} 34. g5 {[%clk 0:07:36]} Ne8 {[%clk 0:16:24]} 35. Be4 {[%clk 0:07:21]}
Qd7 {[%clk 0:14:51]} 36. Rg4 {[%clk 0:06:38]} Ne5 {[%clk 0:14:13]} 37. Rh4 {[%clk
0:06:30]} Ng7 {[%clk 0:13:24]} 38. Nd2 {[%clk 0:03:21]} Nf5 {[%clk 0:10:57]} 39.
Bxf5 {[%clk 0:02:21]} Qxf5 {[%clk 0:11:19]} 40. Ne4 {[%clk 0:02:11]} Re1+ {[%clk
0:10:03]} 41. Kh2 {[%clk 0:02:28]} Nf3+ {[%clk 0:10:19]} 42. Kg3 {[%clk 0:02:35]}
Rg1# {[%clk 0:10:43]} 0-1

[Event "U14 Polish Youth Championship"]
[Site "chess24.com"]
[Date "2018.05.05"]
[Round "9"]
[White "Sieczkowski, Adam"]
[Black "Jozefik, Aleksander"]
[Result "1-0"]
[Board "23"]
[WhiteElo "1695"]
[WhiteCountry "POL"]
[WhiteFideId "21835250"]
[WhiteEloChange "2"]
[BlackElo "1266"]
[BlackCountry "POL"]
[BlackFideId "21862184"]
[BlackEloChange "-2"]

1. Nf3 {[%clk 1:30:20]} d5 {[%clk 1:30:35]} 2. g3 {[%clk 1:30:16]} c6 {[%clk
1:30:17]} 3. Bg2 {[%clk 1:30:42]} Bg4 {[%clk 1:30:08]} 4. O-O {[%clk 1:31:03]}
Nd7 {[%clk 1:29:10]} 5. d4 {[%clk 1:31:27]} Ngf6 {[%clk 1:29:07]} 6. c4 {[%clk
1:31:28]} e6 {[%clk 1:29:05]} 7. Nc3 {[%clk 1:28:14]} Be7 {[%clk 1:28:30]} 8. Bf4
{[%clk 1:27:41]} O-O {[%clk 1:26:59]} 9. c5 {[%clk 1:18:25]} b6 {[%clk 1:25:51]}
10. b4 {[%clk 1:18:50]} a5 {[%clk 1:24:44]} 11. a3 {[%clk 1:19:14]} h6 {[%clk
1:23:40]} 12. Qb3 {[%clk 1:15:15]} Bf5 {[%clk 1:16:43]} 13. b5 {[%clk 1:03:38]}
bxc5 {[%clk 1:12:05]} 14. bxc6 {[%clk 1:03:31]} c4 {[%clk 1:06:43]} 15. Qb5
{[%clk 1:03:14]} g5 {[%clk 1:03:15]} 16. Bd2 {[%clk 0:54:42]} Nb8 {[%clk
0:54:21]} 17. h4 {[%clk 0:44:50]} Ne4 {[%clk 0:50:34]} 18. Nxe4 {[%clk 0:45:14]}
Bxe4 {[%clk 0:50:55]} 19. Ne5 {[%clk 0:42:20]} Bxg2 {[%clk 0:47:35]} 20. Kxg2
{[%clk 0:40:22]} f6 {[%clk 0:47:22]} 21. Qb1 {[%clk 0:32:07]} f5 {[%clk 0:39:28]}
22. Qb7 {[%clk 0:27:06]} Na6 {[%clk 0:34:19]} 23. hxg5 {[%clk 0:26:21]} Bxg5
{[%clk 0:34:02]} 24. f4 {[%clk 0:17:49]} Bf6 {[%clk 0:32:06]} 25. Rh1 {[%clk
0:18:14]} Bg7 {[%clk 0:31:47]} 26. Rab1 {[%clk 0:17:47]} Nc7 {[%clk 0:29:22]} 27.
Qb6 {[%clk 0:15:52]} Ra6 {[%clk 0:25:15]} 28. Qc5 {[%clk 0:16:14]} a4 {[%clk
0:24:44]} 29. Nd7 {[%clk 0:16:33]} Qe8 {[%clk 0:22:27]} 30. Qd6 {[%clk 0:11:38]}
Na8 {[%clk 0:21:14]} 31. Rb8 {[%clk 0:12:00]} 1-0

[Event "U14 Polish Youth Championship"]
[Site "chess24.com"]
[Date "2018.05.05"]
[Round "9"]
[White "Bukala, Norbert"]
[Black "Bartoszewski-Reiski, Olaf"]
[Result "1/2-1/2"]
[Board "24"]
[WhiteElo "1453"]
[WhiteCountry "POL"]
[WhiteFideId "21819971"]
[WhiteEloChange "6"]
[BlackElo "1668"]
[BlackCountry "POL"]
[BlackFideId "21819351"]
[BlackEloChange "-6"]

1. e4 {[%clk 1:30:58]} c5 {[%clk 1:30:56]} 2. Nf3 {[%clk 1:31:24]} Nc6 {[%clk
1:31:22]} 3. d4 {[%clk 1:31:48]} cxd4 {[%clk 1:31:42]} 4. Nxd4 {[%clk 1:32:13]}
g6 {[%clk 1:32:05]} 5. c4 {[%clk 1:32:35]} Nf6 {[%clk 1:32:25]} 6. Nc3 {[%clk
1:32:59]} Nxd4 {[%clk 1:32:45]} 7. Qxd4 {[%clk 1:33:23]} d6 {[%clk 1:33:11]} 8.
Be2 {[%clk 1:31:36]} Bg7 {[%clk 1:30:43]} 9. Bg5 {[%clk 1:31:01]} O-O {[%clk
1:30:22]} 10. O-O {[%clk 1:29:47]} Be6 {[%clk 1:27:38]} 11. Qd2 {[%clk 1:13:15]}
Qa5 {[%clk 1:19:00]} 12. Rac1 {[%clk 1:03:25]} Rfc8 {[%clk 1:15:00]} 13. b3
{[%clk 0:58:46]} a6 {[%clk 1:14:35]} 14. Bf3 {[%clk 0:45:47]} Rab8 {[%clk
0:49:03]} 15. Nd5 {[%clk 0:38:23]} Qxd2 {[%clk 0:47:49]} 16. Bxd2 {[%clk
0:37:23]} Bxd5 {[%clk 0:47:22]} 17. cxd5 {[%clk 0:37:17]} h5 {[%clk 0:47:08]} 18.
Rxc8+ {[%clk 0:33:23]} Rxc8 {[%clk 0:46:20]} 19. Rc1 {[%clk 0:33:47]} Rxc1+
{[%clk 0:46:07]} 20. Bxc1 {[%clk 0:34:13]} Nd7 {[%clk 0:46:23]} 21. Be3 {[%clk
0:24:19]} Nc5 {[%clk 0:44:50]} 22. Bxc5 {[%clk 0:18:53]} dxc5 {[%clk 0:44:20]}
23. Kf1 {[%clk 0:13:38]} Kf8 {[%clk 0:43:49]} 24. Be2 {[%clk 0:11:05]} e6 {[%clk
0:41:46]} 25. dxe6 {[%clk 0:05:32]} fxe6 {[%clk 0:41:32]} 26. h4 {[%clk 0:05:01]}
Ke7 {[%clk 0:41:39]} 27. g4 {[%clk 0:02:50]} hxg4 {[%clk 0:41:30]} 28. Bxg4
{[%clk 0:03:15]} Bf6 {[%clk 0:41:49]} 29. h5 {[%clk 0:03:34]} gxh5 {[%clk
0:42:17]} 30. Bxh5 {[%clk 0:03:46]} b5 {[%clk 0:42:12]} 31. Be2 {[%clk 0:02:34]}
Bg5 {[%clk 0:42:07]} 32. a4 {[%clk 0:02:06]} bxa4 {[%clk 0:42:25]} 33. bxa4
{[%clk 0:02:32]} a5 {[%clk 0:42:54]} 34. Bc4 {[%clk 0:02:20]} Kd6 {[%clk
0:41:43]} 35. Ke2 {[%clk 0:02:36]} 1/2-1/2

[Event "U14 Polish Youth Championship"]
[Site "chess24.com"]
[Date "2018.05.05"]
[Round "9"]
[White "Topola, Rafal"]
[Black "Michalski, Adrian"]
[Result "0-1"]
[Board "25"]
[WhiteElo "1660"]
[WhiteCountry "POL"]
[WhiteFideId "21830533"]
[WhiteEloChange "-17"]
[BlackElo "1355"]
[BlackCountry "POL"]
[BlackFideId "21836140"]
[BlackEloChange "17"]

1. e4 {[%clk 1:30:57]} d6 {[%clk 1:30:53]} 2. d4 {[%clk 1:31:23]} g6 {[%clk
1:31:18]} 3. Nc3 {[%clk 1:31:31]} Bg7 {[%clk 1:31:42]} 4. Be3 {[%clk 1:31:08]}
Nf6 {[%clk 1:31:48]} 5. f3 {[%clk 1:31:27]} O-O {[%clk 1:32:11]} 6. Bc4 {[%clk
1:31:53]} Nbd7 {[%clk 1:31:02]} 7. Nge2 {[%clk 1:31:52]} c6 {[%clk 1:31:06]} 8.
Rb1 {[%clk 1:29:58]} b5 {[%clk 1:29:14]} 9. Bb3 {[%clk 1:29:48]} a6 {[%clk
1:25:43]} 10. a3 {[%clk 1:25:10]} Bb7 {[%clk 1:19:58]} 11. Na2 {[%clk 1:18:51]}
Nb6 {[%clk 1:20:15]} 12. Nb4 {[%clk 1:17:49]} Nfd7 {[%clk 1:20:14]} 13. Nd3
{[%clk 1:17:09]} Kh8 {[%clk 1:15:47]} 14. Qc1 {[%clk 1:15:54]} e6 {[%clk
1:15:19]} 15. Bh6 {[%clk 1:14:31]} Qh4+ {[%clk 1:15:38]} 16. g3 {[%clk 1:11:06]}
Qxh6 {[%clk 1:15:41]} 17. f4 {[%clk 1:11:28]} c5 {[%clk 1:14:23]} 18. Qd1 {[%clk
1:11:11]} 0-1